00556cam a2200181 a 4500001000800000005001700008008004100025010001700066020002200083040001800105041000800123080001500131082001900146100000700165101000800172245015300180504004100333238187520180109034215.0850613s1984 gw a b 000 0 eng  a 84236881  a0387136576 (pbk.) aDLCcDLCdDLC aeng a001.64 MIK00a001.64 MIK219 a28 aSHK00aAlgorithms, software, and hardware of parallel computers /cedited by J. Mikloško and V.E. Kotov ; with contributions by J. Chudík ... [et al.]. aIncludes bibliographical references.